LEADER 01199nam a2200301 i 4500 001 991003612389707536 005 20020509125109.0 008 000413s1991 it ||| | ita 020 $a887144292X 035 $ab11187505-39ule_inst 035 $aPARLA185102$9ExL 040 $aDip.to Scienze pedagogiche$bita 082 0 $a179.2 100 1 $aGenta, Maria Luisa$0155761 245 13$aIl maltrattamento infantile nell'uomo e nei primati non umani /$cMaria Luisa Genta, Angelo Tartabini 260 $aRoma :$bArmando,$cc 1991 300 $a191 p. :$bill. ;$c24 cm 490 0 $aPsicologia - Psicologia clinica - Psicoanalisi 500 $aTit. sul dorso: Il maltrattamento infantile 650 4$aEtologia 650 4$aMaltrattamenti$xInfanzia 700 1 $aTartabini, Angelo$eauthor$4http://id.loc.gov/vocabulary/relators/aut$0144267 907 $a.b11187505$b23-02-17$c28-06-02 912 $a991003612389707536 945 $aLE022 179 GEN01.01$g1$i2022000002288$lle022$o-$pE0.00$q-$rl$s- $t0$u2$v5$w2$x0$y.i11335920$z28-06-02 996 $aMaltrattamento infantile nell'uomo e nei primati non umani$91451574 997 $aUNISALENTO 998 $ale022$b01-01-00$cm$da $e-$fita$git $h3$i1 LEADER 01028nam0 22002891i 450 001 UON00483807 005 20231205105300.59 010 $a88-216-0512-4 100 $a20171215d1987 |0itac50 ba 101 $aita 102 $aIT 105 $a|||| ||||| 200 1 $aSalons$fdi Giorgio Manganelli 210 $aMilano$cF. M. Ricci$d1987 215 $a234 p.$cill.$d24 cm. 410 1$1001UON00483808$12001 $aMorgana$1210 $aMilano$cRicci$v11 606 $aArte$3UONC022794$2FI 620 $aIT$dMilano$3UONL000005 676 $a709$cBelle Arti e Arti Decorative. Europa$v22 700 1$aManganelli$bGiorgio$3UONV125852$0153242 712 $aFranco M. Ricci$3UONV251606$4650 801 $aIT$bSOL$c20250530$gRICA 899 $aSIBA - SISTEMA BIBLIOTECARIO DI ATENEO$2UONSI 912 $aUON00483807 950 $aSIBA - SISTEMA BIBLIOTECARIO DI ATENEO$dSI FS 06256 $eSI FP 7952 5 996 $aSalons$9983105 997 $aUNIOR LEADER 03301nam 2200625 a 450 001 9910962676203321 005 20251117080619.0 010 $a1-61728-461-0 035 $a(CKB)2670000000161821 035 $a(EBL)3020910 035 $a(SSID)ssj0000688860 035 $a(PQKBManifestationID)11437283 035 $a(PQKBTitleCode)TC0000688860 035 $a(PQKBWorkID)10614472 035 $a(PQKB)10204621 035 $a(MiAaPQ)EBC3020910 035 $a(Au-PeEL)EBL3020910 035 $a(CaPaEBR)ebr10681048 035 $a(OCoLC)782906058 035 $a(BIP)30965391 035 $a(BIP)30965405 035 $a(EXLCZ)992670000000161821 100 $a20100621d2010 uy 0 101 0 $aeng 135 $aur|n|---||||| 181 $ctxt 182 $cc 183 $acr 200 10$aEnergetics and percolation properties of hydrophobic nanoporous media /$fV.D. Borman and V.N. Tronin 205 $a1st ed. 210 $aHauppauge, N.Y. $cNova Science Publishers$dc2010 215 $a1 online resource (57 p.) 225 1 $aNanotechnology science and technology 300 $aDescription based upon print version of record. 311 08$a1-61668-866-1 320 $aIncludes bibliographical refereces (p. [41]-44) index. 327 $aIntro -- ENERGETICS ANDPERCOLATION PROPERTIESOF HYDROPHOBICNANOPOROUS MEDIA -- ENERGETICS ANDPERCOLATION PROPERTIESOF HYDROPHOBICNANOPOROUS MEDIA -- CONTENTS -- PREFACE -- Chapter 1INTRODUCTION -- Chapter 2THE MODEL OF A POROUS MEDIUM.INFILTRATION FLUCTUATIONS -- Chapter 3WORK AND THERMALEFFECT IN THE INFILTRATIONDEFILTRATIONCYCLE -- Chapter 4CONDITIONS FOR THE CLOSED CYCLE -- Chapter 5TEMPERATURE DEPENDENCESOF THE INFILTRATION ANDDEFILTRATION PRESSURES -- Chapter 6THERMAL EFFECT -- Chapter 7CONCLUSIONS -- REFERENCES -- INDEX -- Blank Page. 330 $aEnergetics of "nanoporous medium-nonwetting liquid" systems is one of the new directions in basic and applied research. In the simple model of a porous media in the form of cylindrical channels, this threshold pressure is described by the Laplace-Washburn equation, where is the surface energy of the liquid is the pore radius and the contact angle (for a nonwetting liquid). Among the systems under investigation are silochromes, zeolites with liquid metals, hydrophobized silica gels, and zeolites with water and aqueous solutions of organic compounds and salts. In recent years, hydrophobized nanoporous media have become available owing to the development of the method used for modifying the surface of nanoporous media. This new book reviews research on hydrophobic nanoporous media. 410 0$aNanotechnology science and technology series. 606 $aPorous materials$xTransport properties 606 $aHydrophobic surfaces 606 $aPercolation (Statistical physics) 615 0$aPorous materials$xTransport properties. 615 0$aHydrophobic surfaces. 615 0$aPercolation (Statistical physics) 676 $a620.1/16 700 $aBorman$b V. D$01869337 701 $aTronin$b V. N$01869338 801 0$bMiAaPQ 801 1$bMiAaPQ 801 2$bMiAaPQ 906 $aBOOK 912 $a9910962676203321 996 $aEnergetics and percolation properties of hydrophobic nanoporous media$94477481 997 $aUNINA